000 00408nam a2200181Ia 4500
001 24711
005 20260414151101.0
008 260414t2007||||xx |||||||||||||| ||spa||
041 _aESP
082 _a345.726
_bC28
100 _aCarpi, Federico
_eAUT
245 0 _aLa eficacia
_b
260 _c2007
300 _a566 páginas :
_c21 cm.
650 _aDER
654 _aCDE
942 _cLIB
_dJUS
_fJUS
_2ddc
_n
999 _c24711
_d24711